000 01672cam a2200325 a 4500
003 EG-GiCUC
005 20250223030921.0
008 131230s2013 ua f m 000 0 eng d
040 _aEG-GiCUC
_beng
_cEG-GiCUC
041 0 _aeng
049 _aDeposite
097 _aM.Sc
099 _aCai01.12.09.M.Sc.2013.Ho.S
100 0 _aHosam Hasan Abdelhady Ibrahim
245 1 0 _aSynthesis and characterization of novel spin transition Fe({u2161}) complexes of some new triazoles /
_cHosam Hasan abdelhady Ibrahim ; Supervised Ahmed Soliman Abdellah
246 1 5 _aتحضير و توصيف متراكبات جديدة للحديد الثنائى ذات إنتقال مغناطيسى مغزلى مع بعض التريازولات الجديدة
260 _aCairo :
_bHosam Hasan abdelhady Ibrahim ,
_c2013
300 _a160 P. ;
_c25cm
502 _aThesis (M.Sc.) - Cairo University - Faculty of Science - Department of Inorganic Chemistry
520 _aThe new ligands 4-cyclopropy{u2160}-{u2160},2,4-triazole (4-C₃trz), 1-cyclopropy{u2160}-1,2,4-triazole (1-C₃trz) and 1-cyclohexy{u2160}-1,2,4-triazole (1-C₆trz) have been synthesised and used as a potential ligand for preparing a novel series of Fe({u2161}) SCO compounds. The new complexes were characterized by IR-spectroscopy, elemental analyses, mass spectrometry and thermal analysis
530 _aIssued also as CD
653 4 _aCyclohexyltriazole
653 4 _aCyclopropyltriazole
653 4 _aIron ({u2161})
700 0 _aAhmed Soliman Abdellah ,
_eSupervisor
856 _uhttp://172.23.153.220/th.pdf
905 _aNazla
_eRevisor
905 _aSamia
_eCataloger
942 _2ddc
_cTH
999 _c44652
_d44652